000 00532nam a22001937a 4500
005 20251108173058.0
008 250721s2005 xx 000 0 ara d
082 1 4 _a817/ عطي
100 1 _aعطيات، جهاد
245 1 0 _aموسوعة أحلى النكات و مسجات الخلويات /
264 1 _aعمان :
_bد.ن،
_c2005.
300 _a196ص
650 1 7 _aالنكات
650 1 7 _aالطرائف
650 1 7 _aالنوادر
650 1 7 _aأحاجي و ألغاز
942 _2ddc
_cBK
999 _c95551
_d95551